[Event "AUTO-ADV-4769"]
[Site "http://www.queenalice.com/game.php?id=1832044"]
[Date "2024.2.22"]
[Round "1"]
[White "biano"]
[Black "piemme"]
[Result "1-0"]
[WhiteElo "1889"]
[BlackElo "1690"]

1. e4 e6 2. d4 d5 3. Nc3 dxe4 4. Nxe4 Nc6 5. Nf3 b6 6. Bb5 Bb7 7. O-O a6 8.
Bxc6+ Bxc6 9. Re1 Bb4 10. c3 Bf8 11. Ne5 1-0

[Event "AUTO-ADV-4773"]
[Site "http://www.queenalice.com/game.php?id=1833112"]
[Date "2024.3.10"]
[Round "1"]
[White "Spessatto"]
[Black "piemme"]
[Result "0-1"]
[WhiteElo "1656"]
[BlackElo "1649"]

1. d4 d5 2. Nf3 e6 3. Bf4 Bd6 4. Ne5 Nf6 5. h3 Nc6 6. e3 O-O 7. Nd2 h6 8. c3 g5
9. Bh2 Nd7 10. Nxc6 bxc6 11. Bxd6 cxd6 12. Bd3 c5 13. Qh5 Qf6 14. Nf3 c4 15. Bc2
e5 16. Nh2 e4 17. O-O Nb6 18. Ng4 Bxg4 19. Qxg4 Nc8 20. b3 a5 21. f3 exf3 22.
Rxf3 Qg7 23. Raf1 Ra7 24. Rf6 Re7 25. bxc4 Rxe3 26. c5 Rxc3 27. Bb3 dxc5 28.
Bxd5 Rc1 29. dxc5 Rxf1+ 30. Rxf1 Kh8 31. Qd7 f6 32. Qb5 Rd8 33. Be6 Qe7 34. Bg4
Qa7 35. Kh1 Kg7 36. c6 Nd6 37. Qb2 Ne8 38. Bd7 Rb8 39. Qc3 Qc7 0-1

[Event "AUTO-ADV-4773"]
[Site "http://www.queenalice.com/game.php?id=1833124"]
[Date "2024.3.10"]
[Round "1"]
[White "bdpq"]
[Black "piemme"]
[Result "0-1"]
[WhiteElo "1629"]
[BlackElo "1692"]

1. e4 e6 2. e5 d6 3. exd6 Bxd6 4. d3 Nf6 5. Nf3 O-O 6. Ng5 c5 7. Qf3 Nbd7 8. b3
Ne5 9. Qd1 b6 10. Bf4 Nxd3+ 11. Qxd3 Bxf4 12. Qxd8 Rxd8 13. Nf3 Bb7 14. Be2 Nd5
15. O-O Nb4 16. Nc3 Nxc2 17. Rab1 Nb4 18. a4 Bxf3 19. Bxf3 Rd3 20. Bxa8 Rxc3 21.
Rfc1 Bxc1 22. g3 Bg5 23. Rd1 Rxb3 24. Rd7 a5 25. Rb7 h6 26. Rxb6 Ra3 27. Rb5
Rxa4 28. Rxc5 Ra1+ 29. Kg2 Be7 30. h4 Bxc5 31. g4 a4 32. g5 a3 0-1

[Event "AUTO-ADV-4773"]
[Site "http://www.queenalice.com/game.php?id=1833125"]
[Date "2024.3.10"]
[Round "1"]
[White "piemme"]
[Black "bdpq"]
[Result "1-0"]
[WhiteElo "1680"]
[BlackElo "1600"]

1. e4 d5 2. exd5 Qxd5 3. Nc3 Qd8 4. Bb5+ Bd7 5. Bf1 Nc6 6. Nf3 Bg4 7. Be2 Qd6 8.
Nb5 Qd7 9. O-O a6 10. Nc3 Nb4 11. d3 O-O-O 12. h3 Bh5 13. Ne5 Bxe2 14. Qxe2 Qe6
15. f4 Nf6 16. a3 Nbd5 17. Nxd5 Nxd5 18. c4 g6 19. b4 Nb6 20. Bb2 Bg7 21. Rfe1
Na4 22. Qc2 Nxb2 23. Qxb2 f6 24. Ng4 Qd6 25. Rad1 f5 26. Qxg7 fxg4 27. Rxe7 Rdg8
28. Qe5 Qb6+ 29. c5 Qc6 30. Qe6+ Qxe6 31. Rxe6 Rf8 32. Re3 gxh3 33. Rxh3 Rxf4
34. Kh2 h5 35. Rg3 Rg8 36. Re1 g5 37. Re5 h4 38. Rgxg5 Rxg5 39. Rxg5 Rd4 40. Kh3
Rxd3+ 41. Kxh4 Rxa3 42. Rg4 c6 43. g3 Ra4 44. Rf4 a5 45. g4 Kb8 46. g5 Ra1 47.
bxa5 Rxa5 48. Rf5 b5 49. g6 Ra1 50. Kg5 Rg1+ 51. Kh6 Rd1 52. g7 Rh1+ 53. Rh5 Rg1
54. Kh7 Re1 55. g8=Q+ Kb7 56. Qf7+ 1-0

[Event "AUTO-ADV-4777"]
[Site "http://www.queenalice.com/game.php?id=1834304"]
[Date "2024.3.28"]
[Round "1"]
[White "WHUSIRO"]
[Black "piemme"]
[Result "1-0"]
[WhiteElo "2031"]
[BlackElo "1682"]

1. e4 e6 2. d4 d5 3. exd5 Qxd5 4. Nf3 Nc6 5. Bd3 Nxd4 6. Nxd4 Qxg2 7. Qf3 Qxf3
8. Nxf3 Bb4+ 9. c3 Be7 10. Rg1 g6 11. Be3 Bd7 12. Ne5 Bd6 13. f4 a6 14. Nxd7
Kxd7 15. Nd2 Rd8 16. O-O-O Kc8 17. Nf3 h5 18. Ng5 Rd7 19. c4 Re7 20. c5 Bxf4 21.
Bxf4 Rd7 22. Nf3 c6 23. Bc2 Rc7 24. Bxc7 Kxc7 25. Ne5 Nh6 26. Rd7+ Kb8 27. Nxf7
Nxf7 28. Rxf7 Rg8 29. Rxg6 Rxg6 30. Bxg6 1-0

[Event "AUTO-ADV-4777"]
[Site "http://www.queenalice.com/game.php?id=1834305"]
[Date "2024.3.28"]
[Round "1"]
[White "piemme"]
[Black "WHUSIRO"]
[Result "0-1"]
[WhiteElo "1693"]
[BlackElo "2008"]

1. e4 c5 2. Qh5 d6 3. Bc4 g6 4. Qf3 Nf6 5. d3 Nc6 6. a3 Ne5 7. Qd1 Nxc4 8. dxc4
Bg7 9. f3 a6 10. Ne2 O-O 11. O-O b5 12. Nd2 Bb7 13. Qe1 Nd7 14. cxb5 axb5 15.
Rb1 Qb6 16. Kh1 h6 17. h3 b4 18. axb4 Qxb4 19. c3 Qb5 20. Ng3 Qd3 0-1

[Event "AUTO-ADV-4777"]
[Site "http://www.queenalice.com/game.php?id=1834318"]
[Date "2024.3.28"]
[Round "1"]
[White "piemme"]
[Black "Pipo712"]
[Result "0-1"]
[WhiteElo "1657"]
[BlackElo "2117"]

1. e4 c5 2. Bc4 d6 3. Qf3 Nf6 4. d3 a6 5. Bg5 e6 6. c3 Nbd7 7. Qd1 Be7 8. Bc1
O-O 9. Nf3 b5 10. Bb3 Bb7 11. a3 Qc7 12. O-O Rac8 13. Bg5 Rfe8 14. Bc2 c4 15.
dxc4 Nc5 16. Nbd2 Ncxe4 17. cxb5 axb5 18. Bxe4 Nxe4 19. Bxe7 Nxd2 20. Qxd2 Qxe7
21. Qe2 Qd7 22. Rfd1 d5 23. Ne5 Qc7 24. Re1 Ba6 25. Qf3 Rcd8 26. Rab1 f6 27. Nd3
e5 28. Qg3 Bc8 29. Rbc1 Bf5 30. Nb4 Qb7 31. h3 Rd6 32. Nc2 Bg6 33. f3 Qd7 34.
Nb4 d4 35. cxd4 Rxd4 36. Nc2 Rd2 37. Red1 Rxd1+ 38. Rxd1 Qxd1+ 39. Qe1 Bxc2 40.
Qxd1 Bxd1 41. Kf2 Rc8 42. b4 Rc3 43. Ke1 Bxf3 44. gxf3 Rxf3 45. Ke2 Rxa3 46. h4
f5 47. Kd2 f4 48. h5 e4 49. h6 g5 50. Ke2 g4 51. Kd2 f3 52. Kc2 f2 53. Kb2 Rd3
54. Kc2 f1=Q 55. Kb2 Qe2+ 0-1

[Event "AUTO-ADV-4777"]
[Site "http://www.queenalice.com/game.php?id=1834319"]
[Date "2024.3.28"]
[Round "1"]
[White "Pipo712"]
[Black "piemme"]
[Result "1-0"]
[WhiteElo "1876"]
[BlackElo "1677"]

1. e4 e6 2. d4 d5 3. Nd2 dxe4 4. Nxe4 Nf6 5. Bg5 Nc6 6. c3 Be7 7. Nxf6+ Bxf6 8.
Bxf6 Qxf6 9. Nf3 O-O 10. Be2 Rd8 11. O-O a6 12. Qb3 Na5 13. Qa4 Nc6 14. Rad1 Bd7
15. Qc2 b5 16. Bd3 g6 17. Rfe1 Ne7 18. h4 Bc6 19. Be4 Bxe4 20. Qxe4 Nd5 21. g3
Rdc8 22. Ne5 Qf5 23. Qe2 c5 24. dxc5 Rxc5 25. g4 Qf6 26. Nd7 Qe7 27. Nxc5 Qxc5
28. Qe4 Ra7 29. Qd4 Qc7 30. Rc1 Ra8 31. c4 bxc4 32. Rxc4 Qa5 33. Rec1 Qxa2 34.
Rc8+ Rxc8 35. Rxc8# 1-0

[Event "AUTO-ADV-4777"]
[Site "http://www.queenalice.com/game.php?id=1834320"]
[Date "2024.3.28"]
[Round "1"]
[White "piemme"]
[Black "oniwa"]
[Result "1-0"]
[WhiteElo "1639"]
[BlackElo "1885"]

1. e4 e5 2. Qh5 Nf6 3. Qxe5+ Be7 4. d3 Nc6 5. Qf4 d5 6. exd5 Nxd5 7. Qd2 Bc5 8.
Qe2+ Be6 9. Nf3 Qf6 10. g3 O-O-O 11. c3 h6 12. Bg2 Bg4 13. Nbd2 Rde8 14. Ne4 Qg6
15. O-O f5 16. h3 Bxf3 17. Nd6+ Qxd6 18. Qxf3 Nde7 19. d4 Bb6 20. Bf4 Qf6 21.
Qd1 Rd8 22. Qc1 g5 23. Be3 f4 24. Bd2 f3 25. Bh1 Rhg8 26. Qd1 Rdf8 27. Be3 g4
28. hxg4 Rxg4 29. Bxh6 Qxh6 30. Bxf3 Rg7 31. Re1 Nf5 32. Re4 Nxg3 33. fxg3 Rxg3+
34. Bg2 Rh8 35. Kf2 Qh4 36. Rxh4 Rxg2+ 37. Kxg2 Rxh4 38. Qf3 Nd8 39. Re1 c6 40.
Qf5+ Kb8 41. Re8 Bc7 42. Qg5 Rh2+ 43. Kg1 b5 44. Rxd8+ Bxd8 45. Qxd8+ 1-0

[Event "AUTO-ADV-4777"]
[Site "http://www.queenalice.com/game.php?id=1834321"]
[Date "2024.3.28"]
[Round "1"]
[White "oniwa"]
[Black "piemme"]
[Result "1-0"]
[WhiteElo "1723"]
[BlackElo "1652"]

1. d4 d5 2. c4 dxc4 3. e4 e6 4. Nc3 Nc6 5. Nf3 b5 6. Nxb5 Bb4+ 7. Bd2 a6 8. Bxb4
Nxb4 9. Nc3 a5 10. Bxc4 Ba6 11. Qa4+ Qd7 12. Qxd7+ Kxd7 13. Ne5+ Ke8 14. O-O-O
f6 15. Bxa6 Rxa6 16. a3 Nc6 17. Nb5 Kf8 18. Nxc7 Ra7 19. Nxe6+ Ke7 20. Nxc6+
Kxe6 21. Nxa7 Ne7 22. d5+ Kf7 23. d6 Ng6 24. d7 Rd8 25. Nc6 Rf8 26. d8=N+ Kg8
27. Ne6 Rc8 28. Rd8+ Rxd8 29. Nexd8 h6 30. Nxa5 Kh7 31. Rd1 Nf4 32. g3 Ne2+ 33.
Kb1 Kg6 34. Nc4 h5 35. h4 Kh6 36. Nf7+ Kg6 37. Nfd6 Kh6 38. Ne3 Kg6 39. a4 Nd4
40. Rxd4 1-0

[Event "AUTO-ADV-4742"]
[Site "http://www.queenalice.com/game.php?id=1835684"]
[Date "2024.4.24"]
[Round "2"]
[White "piemme"]
[Black "Connor"]
[Result "0-1"]
[WhiteElo "1659"]
[BlackElo "1865"]

1. e4 e5 2. Qh5 Qe7 3. d3 Nf6 4. Qd1 d6 5. Nf3 Qd8 6. Be2 Be7 7. O-O Bd7 8. Nbd2
Nc6 9. c4 a6 10. b3 O-O 11. a4 Nb4 12. Ba3 c5 13. Qe1 Nc2 14. Qd1 Nxa1 15. Qxa1
b5 16. axb5 axb5 17. Bd1 b4 18. Bb2 Rxa1 19. Bxa1 Bg4 20. h3 Bxf3 21. Nxf3 Nh5
22. Nh2 Nf4 23. f3 f5 24. Bc2 fxe4 25. Re1 exd3 26. Bb1 Qa8 27. Bb2 Bh4 28. Rd1
Qe8 29. Bc1 Bg3 30. Bxd3 Nxd3 31. Rxd3 e4 32. Re3 Bxh2+ 33. Kxh2 Qe5+ 34. Kg1
Qa1 35. Re1 exf3 36. gxf3 Rxf3 37. Kg2 Qc3 0-1

[Event "AUTO-ADV-4742"]
[Site "http://www.queenalice.com/game.php?id=1835685"]
[Date "2024.4.24"]
[Round "2"]
[White "Connor"]
[Black "piemme"]
[Result "1-0"]
[WhiteElo "1863"]
[BlackElo "1669"]

1. d4 d5 2. e3 Nf6 3. Nf3 e6 4. c4 dxc4 5. Bxc4 g6 6. Nc3 Bb4 7. Bd2 O-O 8. Bd3
c6 9. O-O Re8 10. Re1 Nbd7 11. Qc2 b6 12. e4 Rf8 13. Bg5 Qc7 14. h3 h6 15. Bxh6
Re8 16. e5 Nh7 17. Bxg6 fxg6 18. Qxg6+ 1-0

[Event "AUTO-ADV-4742"]
[Site "http://www.queenalice.com/game.php?id=1835686"]
[Date "2024.4.24"]
[Round "2"]
[White "piemme"]
[Black "chessman"]
[Result "0-1"]
[WhiteElo "1651"]
[BlackElo "1999"]

1. e4 e6 2. Nf3 d5 3. exd5 exd5 4. Qe2+ Be7 5. d3 Nf6 6. Bg5 O-O 7. Nc3 Bb4 8.
Bd2 Re8 9. Be3 Bg4 10. Bd4 Rxe2+ 11. Bxe2 Nc6 12. Bxf6 Qxf6 13. O-O Bxc3 14.
bxc3 Qxc3 15. Rfc1 Re8 16. h3 Bxh3 17. Bf1 Be6 18. Ne1 a6 19. g3 Nd4 20. Bg2 b5
21. Bf1 a5 22. Kg2 Qc6 23. c3 Nf5 24. d4 Qd6 25. Bxb5 Rb8 26. Bf1 Rb2 27. Nd3
Qxg3+ 28. Kh1 Qh4+ 29. Kg1 Ng3 30. fxg3 Qh2# 0-1

[Event "AUTO-ADV-4742"]
[Site "http://www.queenalice.com/game.php?id=1835687"]
[Date "2024.4.24"]
[Round "2"]
[White "chessman"]
[Black "piemme"]
[Result "1-0"]
[WhiteElo "2034"]
[BlackElo "1661"]

1. e4 e5 2. Nf3 d6 3. d4 exd4 4. Nxd4 c5 5. Bb5+ Nd7 6. Bxd7+ Qxd7 7. Nf3 Nf6 8.
Qe2 g6 9. O-O Qc6 10. e5 Ne4 11. exd6 Bxd6 12. Nc3 Bf5 13. Nxe4 Bxe4 14. Ng5 f5
15. f3 Be7 16. fxe4 fxe4 17. Nxe4 Qe6 18. Nf6+ Kf7 19. Nd5+ Bf6 20. Rxf6+ Qxf6
21. Nxf6 Kxf6 22. Qe3 Rhe8 23. Qf3+ Kg7 24. Qxb7+ Kf8 25. Bh6+ Kg8 26. Qg7# 1-0

[Event "AUTO-ADV-4742"]
[Site "http://www.queenalice.com/game.php?id=1835688"]
[Date "2024.4.24"]
[Round "2"]
[White "piemme"]
[Black "BobFicha"]
[Result "0-1"]
[WhiteElo "1655"]
[BlackElo "1985"]

1. e4 e5 2. Qh5 d6 3. Bc4 g6 4. Qf3 Nf6 5. d3 Bg4 6. Qe3 Bg7 7. h3 Bd7 8. Nf3
O-O 9. O-O b5 10. Bb3 c5 11. c3 Nc6 12. a4 bxa4 13. Bc2 Qb6 14. Bxa4 Rfd8 15. c4
Be6 16. Ng5 Bh6 17. Qe1 Bxg5 18. Bxg5 Kg7 19. Qd2 Rh8 20. Bh6+ Kg8 21. f3 Nd4
22. Qg5 Nh5 23. g4 f6 24. Qh4 g5 25. Qxh5 Bf7 26. Bg7 Bxh5 27. Bxh8 Kxh8 28.
gxh5 Qxb2 0-1

[Event "AUTO-ADV-4742"]
[Site "http://www.queenalice.com/game.php?id=1835689"]
[Date "2024.4.24"]
[Round "2"]
[White "BobFicha"]
[Black "piemme"]
[Result "1-0"]
[WhiteElo "1965"]
[BlackElo "1661"]

1. e4 e5 2. Nf3 d6 3. Bc4 h6 4. c3 a6 5. d4 exd4 6. cxd4 Nf6 7. Qa4+ Nbd7 8. Bd3
b5 9. Bxb5 Nxe4 10. Bc6 Rb8 11. Bxe4 Be7 12. Nc3 O-O 13. O-O f5 14. Bd5+ Kh8 15.
Bc4 Nb6 16. Qb3 Bf6 17. Nd5 Ra8 18. Be3 Nxc4 19. Qxc4 Be6 20. Qc6 Bd7 21. Qc2
Bb5 22. Rfe1 Rb8 23. Rac1 c6 24. Nf4 d5 25. Ng6+ Kg8 26. Nxf8 Qxf8 27. a4 Bc4
28. Nd2 Qd8 29. b3 Bb5 30. axb5 axb5 31. Qxf5 Kh8 32. Rxc6 Rb7 33. Rc8 Qxc8 34.
Qxc8+ 1-0

[Event "Challenge"]
[Site "http://www.queenalice.com/game.php?id=1841882"]
[Date "2024.8.15"]
[Round "-"]
[White "Leanne"]
[Black "piemme"]
[Result "1-0"]
[WhiteElo "1267"]
[BlackElo "1665"]

1. e4 e5 2. Nf3 Nc6 3. d4 exd4 4. Nxd4 Nxd4 5. Qxd4 b6 6. Nc3 Qf6 7. Qd2 Bb7 8.
Bb5 c6 9. Bd3 Bb4 10. Qe2 Bxc3+ 11. Bd2 Bxb2 12. Rd1 O-O-O 13. O-O Qe5 14. g3 d5
15. Bf4 Qe8 16. Qg4+ Rd7 17. exd5 Nf6 18. Qf5 Nxd5 19. Bc4 g6 20. Qd3 Nb4 21.
Qb3 b5 22. Qxb4 Rxd1 23. Rxd1 Bg7 24. Qd6 Qd7 25. Qb8# 1-0

[Event "Challenge"]
[Site "http://www.queenalice.com/game.php?id=1841883"]
[Date "2024.8.15"]
[Round "-"]
[White "piemme"]
[Black "Leanne"]
[Result "1-0"]
[WhiteElo "1635"]
[BlackElo "1297"]

1. e4 c5 2. Bc4 e6 3. Qh5 g6 4. Qe5 Nf6 5. d3 Bg7 6. h4 d6 7. Qg5 O-O 8. Nf3 h6
9. Qd2 Nc6 10. a3 Nd4 11. Nxd4 cxd4 12. b4 d5 13. exd5 exd5 14. Bb3 Re8+ 15. Kf1
Ng4 16. f3 Ne3+ 17. Kg1 Nf5 18. g4 Nxh4 19. Qf2 f5 20. Rxh4 g5 21. Rh2 fxg4 22.
fxg4 Bxg4 23. Nd2 Re2 24. Qg3 Rxh2 25. Qxh2 Qd7 26. Qg2 Bh3 27. Qxd5+ Be6 28.
Qxd7 1-0

[Event "Let's Play Chess!"]
[Site "http://www.queenalice.com/game.php?id=1844037"]
[Date "2024.9.23"]
[Round "-"]
[White "piemme"]
[Black "Scar"]
[Result "0-1"]
[WhiteElo "1637"]
[BlackElo "1723"]

1. e4 e5 2. Qh5 Nf6 3. Qxe5+ Be7 4. d3 Nc6 5. Qg3 g6 6. Qe3 b6 7. Nf3 d5 8. exd5
Nxd5 9. Qh6 Bf8 10. Qg5 Nf6 11. Qe3+ Be7 12. Be2 Be6 13. O-O Bc5 14. Qd2 Ng4 15.
Qc3 f6 16. h3 Nxf2 17. Kh2 Qd6+ 18. g3 Bxh3 19. Ng5 O-O 20. Nxh3 Nxh3 21. Kxh3
Nd4 22. Qc4+ Kg7 23. Nc3 Nxc2 24. Bf4 Qd7+ 25. g4 Nxa1 26. Rxa1 h5 27. Nd5 g5
28. Bxc7 h4 29. Bf3 Rac8 30. Bh2 Bd6 31. Qb3 Bxh2 32. Kxh2 Qd6+ 33. Kh3 Qg3# 0-1

[Event "Let's Play Chess!"]
[Site "http://www.queenalice.com/game.php?id=1844116"]
[Date "2024.9.23"]
[Round "-"]
[White "piemme"]
[Black "Charles56"]
[Result "0-1"]
[WhiteElo "1624"]
[BlackElo "1785"]

1. e4 e5 2. Qh5 Qf6 3. d3 Be7 4. b3 Bc5 5. Qf3 d6 6. Qxf6 Nxf6 7. Bg5 Ng4 8. f3
Bxg1 9. fxg4 h6 10. Bc1 Bb6 11. h3 Bd7 12. Bb2 Na6 13. Be2 Nb4 14. Na3 a6 15.
Bc3 Nc6 16. Nc4 Ba7 17. Bf3 g6 18. O-O-O b5 19. Nd2 Be3 20. Rde1 Bf4 21. Kb1 b4
22. Bb2 Bxd2 23. Rd1 Bc3 24. Bxc3 bxc3 25. Rhg1 a5 26. a4 Nd4 27. Rgf1 c6 28.
Rc1 Rb8 29. Rf2 c5 30. Ka2 Nxf3 31. Rxf3 Be6 32. Rcf1 Rh7 33. Kb1 Rb7 34. Ka2 g5
35. Kb1 c4 36. dxc4 Bxc4 37. Re1 f6 38. Rxc3 Be6 39. Rc6 Rhd7 40. Rc8+ Kf7 41.
Ra8 Ra7 42. Rh8 Kg7 43. Re8 Bf7 44. Rc8 d5 45. Rd1 d4 46. Rd3 Bg6 47. Rg3 h5 48.
gxh5 Bxh5 49. Kb2 Bg6 50. Rg4 d3 51. cxd3 Rxd3 52. Rc3 Rd4 53. h4 Rxe4 54. Rxe4
Bxe4 55. Rg3 Kg6 56. hxg5 f5 57. Ka3 f4 58. Rg4 Rd7 59. g3 Bf3 60. Rh4 fxg3 61.
Rh3 g2 62. Rg3 Rd2 63. Rxf3 g1=Q 64. Rc3 Qa1# 0-1

[Event "Challenge"]
[Site "http://www.queenalice.com/game.php?id=1845649"]
[Date "2024.10.18"]
[Round "-"]
[White "Scar"]
[Black "piemme"]
[Result "1-0"]
[WhiteElo "1790"]
[BlackElo "1602"]

1. e4 e5 2. Nf3 d6 3. Be2 Nf6 4. Bd3 b6 5. b3 Bb7 6. Nc3 a5 7. O-O g6 8. Qe2 Bg7
9. Bb2 O-O 10. Rae1 Nc6 11. a3 Re8 12. Nd5 Nxd5 13. exd5 Ne7 14. c4 a4 15. b4
Qd7 16. Bc2 f5 17. Nh4 e4 18. Bxg7 Kxg7 19. g3 Ng8 20. h3 Ba6 21. b5 Bb7 22. f3
exf3 23. Qxf3 Nf6 24. Re2 Rxe2 25. Qxe2 Re8 26. Qf3 Re7 27. d3 Qe8 28. Rf2 Re1+
29. Kh2 Ra1 30. Re2 Qd8 31. Qe3 Rxa3 32. Qc1 Bc8 33. Qxa3 Qd7 34. Re6 h6 35. Qc3
Qf7 36. Re2 Qd7 37. Bxa4 f4 38. g4 h5 39. Re6 Qd8 40. g5 Bxe6 41. Qxf6+ Qxf6 42.
gxf6+ Kxf6 43. dxe6 g5 44. Nf3 g4 45. hxg4 hxg4 46. Nd2 Kxe6 47. Bd1 g3+ 48. Kg2
Ke5 49. Kf3 Kf5 50. Ne4 g2 51. Kf2 Ke5 52. Kxg2 Ke6 53. Bg4+ Ke5 54. Be2 Ke6 55.
Bg4+ Ke5 56. Kf3 Kd4 57. Ke2 Ke5 58. Bd7 Kd4 59. Ng5 Kc3 60. Bc6 Kd4 61. Ne6+
Kc3 62. Nxf4 1-0

[Event "Challenge"]
[Site "http://www.queenalice.com/game.php?id=1845650"]
[Date "2024.10.18"]
[Round "-"]
[White "piemme"]
[Black "Scar"]
[Result "0-1"]
[WhiteElo "1614"]
[BlackElo "1705"]

1. e4 e5 2. Qh5 Nc6 3. Bc4 Qe7 4. d3 Nf6 5. Qd1 a6 6. a3 b5 7. Bb3 d6 8. Nf3 Be6
9. O-O Bxb3 10. cxb3 h6 11. b4 Nd4 12. Nbd2 Nxf3+ 13. Nxf3 Qe6 14. Qc2 Qd7 15.
Be3 Be7 16. Rfc1 Rc8 17. h3 O-O 18. Nh4 c6 19. Qb3 d5 20. f3 d4 21. Bd2 g5 22.
Nf5 Kh7 23. Rc2 Rc7 24. Qa2 Qe8 25. Qb1 Rg8 26. Qc1 Nh5 27. g4 Nf4 28. Bxf4 exf4
29. Nxd4 Rg6 30. Nxc6 Rcxc6 31. Rxc6 Rxc6 32. Qd2 Bd8 33. Rb1 Bb6+ 34. Kg2 Be3
35. Qd1 Rd6 36. Qc2 Rc6 37. Qb3 Kg8 38. Qd5 Qc8 39. Qf5 Qxf5 40. gxf5 Rc2+ 41.
Kf1 Rf2+ 42. Ke1 Rxf3 43. Rd1 Rxh3 44. d4 Rh1+ 45. Ke2 Rxd1 46. Kxd1 f3 47. Ke1
Bxd4 48. b3 f6 49. a4 Bc3+ 50. Kf2 g4 51. axb5 axb5 52. Kg3 h5 53. Kf2 h4 0-1